[Event "Winnipeg TNT 2025.06"]
[Site "Winnipeg CAN"]
[Date "2025.06.03"]
[Round "1.2"]
[White "Nagelberg, Alan"]
[Black "Kim, Sunyo"]
[Result "1-0"]
[WhiteElo "2026"]
[BlackElo "1783"]
[WhiteFideId "-1"]
[WhiteFideId "-1"]
[PlyCount "79"]
[GameId "2197395077713998"]
[EventDate "2025.06.03"]
[EventType "swiss"]
[EventRounds "4"]
[EventCountry "CAN"]

1. c4 e5 2. Nc3 Nf6 3. g3 Bb4 4. e4 Bxc3 5. dxc3 O-O 6. f3 c6 7. Qd6 Re8 8. Bh3 h6 9. Be3 Qe7 10. Bc5 Qxd6 11. Bxd6 b6 12. Ne2 c5 13. Rd1 Nc6 14. Kf2 Nd8 15. b4 Ne6 16. Bxe5 Ng5 17. Bxf6 Nxh3+ 18. Kg2 d5 19. g4 gxf6 20. Kxh3 dxe4 21. Nf4 exf3 22. Nd5 Rf8 23. Nxf6+ Kg7 24. Nh5+ Kh7 25. Nf6+ Kg6 26. Rd6 Be6 27. Nd5 Rfd8 28. Nf4+ Kf6 29. bxc5 Rxd6 30. cxd6 Bxc4 31. Kg3 Bxa2 32. Kxf3 a5 33. Ke4 a4 34. Nd5+ Bxd5+ 35. Kxd5 a3 36. Rf1+ Kg7 37. d7 a2 38. Kc6 Kf8 39. Kb7 Rd8 40. Kc7 1-0

[Event "Winnipeg TNT 2025.06"]
[Site "Winnipeg CAN"]
[Date "2025.06.03"]
[Round "1.3"]
[White "Curtis, Rory"]
[Black "Stordeur, Jackson"]
[Result "0-1"]
[WhiteElo "1762"]
[BlackElo "2020"]
[WhiteFideId "-1"]
[WhiteFideId "-1"]
[PlyCount "88"]
[GameId "2197395077779535"]
[EventDate "2025.06.03"]
[EventType "swiss"]
[EventRounds "4"]
[EventCountry "CAN"]

1. d4 Nf6 2. c4 g6 3. Nc3 Bg7 4. Bg5 O-O 5. Nf3 d6 6. e3 Nbd7 7. Be2 c6 8. Rc1 Qa5 9. O-O h6 10. Bxf6 Nxf6 11. Qc2 e5 12. dxe5 dxe5 13. e4 Be6 14. Rfd1 Rfd8 15. h3 Nh5 16. Bf1 Nf4 17. Kh2 g5 18. g3 Ng6 19. Rxd8+ Qxd8 20. Rd1 Qf6 21. Ne1 Bf8 22. b3 Bc5 23. Nd3 Bd4 24. Bg2 g4 25. Rf1 Qg5 26. Ne2 gxh3 27. Bh1 Qd8 28. Rd1 c5 29. Qc1 Qg5 30. Qxg5 hxg5 31. Ng1 Kg7 32. Bf3 a5 33. a4 Ra6 34. g4 Rb6 35. Rb1 Bxc4 36. Nc1 Be6 37. Nxh3 f6 38. Be2 c4 39. Bd1 Nf8 40. f3 Nd7 41. Bc2 Nc5 42. bxc4 Rxb1 43. Bxb1 Bxc4 44. Bc2 Be3 0-1

[Event "Winnipeg TNT 2025.06"]
[Site "Winnipeg CAN"]
[Date "2025.06.03"]
[Round "1.4"]
[White "Gres, Yakiv"]
[Black "Zhang, Ian"]
[Result "1/2-1/2"]
[WhiteElo "1965"]
[BlackElo "1753"]
[WhiteFideId "-1"]
[WhiteFideId "-1"]
[PlyCount "98"]
[GameId "2197395077779536"]
[EventDate "2025.06.03"]
[EventType "swiss"]
[EventRounds "4"]
[EventCountry "CAN"]

1. e4 d5 2. exd5 Qxd5 3. Nc3 Qa5 4. Nf3 Nf6 5. Bc4 Bf5 6. d4 e6 7. Bd2 c6 8. Ne5 Qc7 9. g4 Bg6 10. h4 Nbd7 11. Qe2 Bb4 12. h5 Bxc3 13. hxg6 Bxd2+ 14. Kxd2 Nxe5 15. Qxe5 Qxe5 16. dxe5 O-O-O+ 17. Kc3 Ne4+ 18. Kb4 hxg6 19. f3 Nd2 20. Be2 b5 21. Rxh8 Rxh8 22. Kc3 Nc4 23. Bxc4 bxc4 24. Kxc4 Rh2 25. Kd3 Rf2 26. Rh1 Rxf3+ 27. Ke2 Rf4 28. Rh8+ Kc7 29. Rf8 Kb6 30. Ke3 g5 31. b3 a5 32. a4 f6 33. Re8 fxe5 34. Rxe6 Rxg4 35. Rxe5 Rg3+ 36. Kd4 Rg1 37. c4 Rd1+ 38. Kc3 g4 39. c5+ Kc7 40. Rg5 Rg1 41. Rxg7+ Kb8 42. Kd4 g3 43. Ke3 g2 44. Kf2 Rb1 45. Rxg2 Rxb3 46. Rg6 Kc7 47. Rg7+ Kb8 48. Rg8+ Kb7 49. Rg7+ Kb8 1/2-1/2

[Event "Winnipeg TNT 2025.06"]
[Site "Winnipeg CAN"]
[Date "2025.06.03"]
[Round "1.5"]
[White "Wang, Muyu"]
[Black "Bilugan, Mason"]
[Result "1/2-1/2"]
[WhiteElo "1748"]
[BlackElo "1964"]
[WhiteFideId "-1"]
[WhiteFideId "-1"]
[PlyCount "141"]
[GameId "2197395077779537"]
[EventDate "2025.06.03"]
[EventType "swiss"]
[EventRounds "4"]
[EventCountry "CAN"]

1. d4 g6 2. Bf4 Bg7 3. Nf3 c5 4. e3 Nf6 5. Nbd2 d5 6. c3 Qb6 7. Qb3 O-O 8. Bd3 Qxb3 9. axb3 Nbd7 10. O-O Re8 11. Bc7 cxd4 12. exd4 Nf8 13. Ne5 Ne6 14. Bb6 a6 15. Bb5 Rf8 16. f4 Ne8 17. Bxe8 Rxe8 18. g3 f6 19. Nd3 Bd7 20. Rfe1 Kf7 21. Nb4 Bc6 22. Ra5 Nf8 23. Nxd5 Nd7 24. Nc4 Bxd5 25. Rxd5 Nxb6 26. Nxb6 Rad8 27. Rxd8 Rxd8 28. Na4 e5 29. fxe5 fxe5 30. dxe5 Rd2 31. e6+ Ke8 32. e7 Bf6 33. Nb6 Bxe7 34. Nc8 Rd7 35. Nxe7 Rxe7 36. Rxe7+ Kxe7 37. Kf2 Ke6 38. b4 Kd5 39. b3 Ke4 40. Ke2 g5 41. c4 g4 42. c5 h5 43. Kd2 Kf3 44. Kc3 Kg2 45. Kc4 Kxh2 46. b5 axb5+ 47. Kxb5 Kxg3 48. Kb6 h4 49. Kxb7 h3 50. c6 h2 51. c7 h1=Q+ 52. Kb8 Qd1 53. c8=Q Qxb3+ 54. Ka7 Qa4+ 55. Kb6 Qd4+ 56. Kb5 Qb2+ 57. Ka5 Qd2+ 58. Kb5 Qg5+ 59. Kb4 Qf4+ 60. Kb5 Kg2 61. Qc2+ Kg1 62. Ka5 g3 63. Qd1+ Kg2 64. Qe2+ Qf2 65. Qe4+ Qf3 66. Qc2+ Kg1 67. Qc1+ Kf2 68. Qd2+ Qe2 69. Qd4+ Kf1 70. Qf4+ Qf2 71. Qc4+ 1/2-1/2

[Event "Winnipeg TNT 2025.06"]
[Site "Winnipeg CAN"]
[Date "2025.06.03"]
[Round "1.6"]
[White "Currie, James"]
[Black "Letain, Cory"]
[Result "1-0"]
[WhiteElo "1959"]
[BlackElo "1741"]
[WhiteFideId "-1"]
[WhiteFideId "-1"]
[PlyCount "40"]
[GameId "2197395077845074"]
[EventDate "2025.06.03"]
[EventType "swiss"]
[EventRounds "4"]
[EventCountry "CAN"]

1. e4 e5 2. f4 d5 3. exd5 e4 4. d3 Nf6 5. dxe4 Nxe4 6. Nf3 Bc5 7. Qe2 Bf2+ 8. Kd1 Qxd5+ 9. Nfd2 Bg4 10. Qxg4 Be3 11. Qe2 Nf2+ 12. Ke1 Nxh1 13. Qxe3+ Kd7 14. Qd3 Re8+ 15. Be2 Qxd3 16. cxd3 Nc6 17. Kf1 Nd4 18. Bd1 Re6 19. Nf3 Rae8 20. Bd2 Ne2 1-0

[Event "Winnipeg TNT 2025.06"]
[Site "Winnipeg CAN"]
[Date "2025.06.03"]
[Round "1.7"]
[White "Adeyemi, Adebowale"]
[Black "Vaughan, Nathan"]
[Result "1-0"]
[WhiteElo "1708"]
[BlackElo "1950"]
[WhiteFideId "-1"]
[WhiteFideId "-1"]
[PlyCount "135"]
[GameId "2197395077853267"]
[EventDate "2025.06.03"]
[EventType "swiss"]
[EventRounds "4"]
[EventCountry "CAN"]

1. c4 Nf6 2. d4 e6 3. Nc3 Bb4 4. Qc2 d5 5. e3 O-O 6. a3 Bxc3+ 7. bxc3 c5 8. Nf3 Nc6 9. cxd5 exd5 10. Be2 b6 11. O-O Re8 12. Bb2 Bb7 13. dxc5 bxc5 14. c4 d4 15. Rad1 Qe7 16. Bc1 dxe3 17. Bxe3 Ng4 18. Rd3 Rad8 19. Rc3 Nd4 20. Nxd4 cxd4 21. Bxg4 dxc3 22. Qxc3 Be4 23. c5 Qb7 24. Bh3 Rd3 25. Qc1 Red8 26. Bf4 Rxh3 27. gxh3 Bg2 28. Re1 Bxh3 29. c6 Qc8 30. Qe3 Be6 31. c7 Rf8 32. Rb1 Bd5 33. Rb8 Qg4+ 34. Kf1 Qd1+ 35. Qe1 Bc4+ 36. Kg2 Bd5+ 37. Kg3 Qxe1 38. Rxf8+ Kxf8 39. c8=Q+ Ke7 40. Qc7+ Kf6 41. Qd8+ Kf5 42. Qxd5+ Kf6 43. Qd4+ Kg6 44. Kh4 Qe7+ 45. Kg4 h5+ 46. Kh3 Qe6+ 47. Kg2 Qg4+ 48. Kf1 f6 49. Ke1 Qg1+ 50. Kd2 Qg4 51. Be3 Qe6 52. Qd3+ Kf7 53. Bxa7 Qa2+ 54. Ke1 Qa1+ 55. Ke2 Qb2+ 56. Kf1 Qc1+ 57. Kg2 Qg5+ 58. Qg3 Qd5+ 59. f3 Qa2+ 60. Bf2 Qxa3 61. Qf4 g5 62. Qf5 Kg7 63. h3 Qa4 64. Qe4 Qd7 65. Bd4 Qc8 66. Qe7+ Kg8 67. Qxf6 Qc2+ 68. Bf2 1-0

[Event "Winnipeg TNT 2025.06"]
[Site "Winnipeg CAN"]
[Date "2025.06.03"]
[Round "1.8"]
[White "Bonness, Will"]
[Black "Gruninger, Jaxon"]
[Result "1-0"]
[WhiteElo "1927"]
[BlackElo "1687"]
[WhiteFideId "-1"]
[WhiteFideId "-1"]
[PlyCount "45"]
[GameId "2197395077861460"]
[EventDate "2025.06.03"]
[EventType "swiss"]
[EventRounds "4"]
[EventCountry "CAN"]

1. e4 e5 2. Nf3 Nc6 3. Nc3 Bc5 4. Nxe5 Nxe5 5. d4 Bxd4 6. Qxd4 d6 7. Be2 Ne7 8. Be3 N7c6 9. Qd2 O-O 10. O-O-O Be6 11. Kb1 Bc4 12. h4 Bxe2 13. Qxe2 f5 14. exf5 Rxf5 15. Ne4 Qe8 16. g4 Rf8 17. Ng3 Qe6 18. g5 Nf3 19. Qb5 Rab8 20. Ne2 Qg4 21. h5 Nxg5 22. Rdg1 Qxe2 23. Qxe2 1-0

[Event "Winnipeg TNT 2025.06"]
[Site "Winnipeg CAN"]
[Date "2025.06.03"]
[Round "1.9"]
[White "Gannon, Keith"]
[Black "Kowal, Ken"]
[Result "0-1"]
[WhiteElo "1582"]
[BlackElo "1923"]
[WhiteFideId "-1"]
[WhiteFideId "-1"]
[PlyCount "76"]
[GameId "2197395077869653"]
[EventDate "2025.06.03"]
[EventType "swiss"]
[EventRounds "4"]
[EventCountry "CAN"]

1. e4 c5 2. Nf3 d6 3. d4 cxd4 4. Nxd4 Nf6 5. Nc3 e6 6. Be2 Nc6 7. O-O Be7 8. Nxc6 bxc6 9. Re1 O-O 10. Bd2 Rb8 11. Rb1 e5 12. b4 d5 13. exd5 cxd5 14. b5 d4 15. Na4 Be6 16. c4 Nd7 17. h3 Qc7 18. Bb4 Bxb4 19. Rxb4 Qd6 20. Rb3 f5 21. Bf1 Rfc8 22. Qc1 e4 23. g3 d3 24. Qe3 Bxc4 25. Rc3 Bxb5 26. Rxc8+ Rxc8 27. Qxa7 Qc6 28. Nb2 Ne5 29. Bg2 Qc3 30. Rb1 Qc2 31. Rd1 Qxb2 32. a4 Bd7 33. g4 d2 34. gxf5 Qc1 35. Rxc1 dxc1=Q+ 36. Bf1 Qg5+ 37. Kh1 Nf3 38. Qxd7 Qg1# 0-1

[Event "Winnipeg TNT 2025.06"]
[Site "Winnipeg CAN"]
[Date "2025.06.03"]
[Round "1.10"]
[White "Kuryliw, Ray"]
[Black "Comber, Kyle"]
[Result "1-0"]
[WhiteElo "1918"]
[BlackElo "1578"]
[WhiteFideId "-1"]
[WhiteFideId "-1"]
[PlyCount "99"]
[GameId "2197395077877846"]
[EventDate "2025.06.03"]
[EventType "swiss"]
[EventRounds "4"]
[EventCountry "CAN"]

1. d4 f5 2. g3 Nf6 3. Bg2 g6 4. Nf3 Bg7 5. O-O O-O 6. Re1 d6 7. c3 Ne4 8. Nfd2 d5 9. Nxe4 fxe4 10. f3 exf3 11. exf3 b5 12. Bg5 Bf6 13. Bxf6 exf6 14. Qe2 c6 15. Nd2 Kf7 16. a4 Re8 17. Qxe8+ Qxe8 18. Rxe8 Kxe8 19. axb5 cxb5 20. Nb3 Bd7 21. Nc5 a5 22. f4 Bc6 23. Re1+ Kf7 24. Re6 Bd7 25. Rd6 Ke8 26. Bxd5 Ra7 27. Rb6 Kd8 28. Rxb8+ Kc7 29. Rb7+ Rxb7 30. Bxb7 Be6 31. Nxe6+ Kxb7 32. Nf8 Kc6 33. Kf2 Kd5 34. Ke2 Kc4 35. Kd2 Kb3 36. Kc1 Kc4 37. Nxh7 b4 38. cxb4 a4 39. Nxf6 a3 40. bxa3 Kb5 41. d5 Kb6 42. d6 g5 43. d7 g4 44. d8=Q+ Kb5 45. Qc7 Ka4 46. Kc2 Kb5 47. Kc3 Ka6 48. Kb3 Kb5 49. Nd5 Ka6 50. Qb6# 1-0

[Event "Winnipeg TNT 2025.06"]
[Site "Winnipeg CAN"]
[Date "2025.06.03"]
[Round "1.11"]
[White "Trueman, Francis"]
[Black "Zhou, Joe"]
[Result "0-1"]
[WhiteElo "1561"]
[BlackElo "1912"]
[WhiteFideId "-1"]
[WhiteFideId "-1"]
[PlyCount "60"]
[GameId "2197395077886039"]
[EventDate "2025.06.03"]
[EventType "swiss"]
[EventRounds "4"]
[EventCountry "CAN"]

1. e4 e5 2. Nf3 Nc6 3. d3 Bc5 4. Be2 Nf6 5. Nbd2 O-O 6. O-O d6 7. c3 Bb6 8. Nc4 h6 9. Nxb6 axb6 10. Re1 Re8 11. h4 Be6 12. Nh2 Rxa2 13. Rxa2 Bxa2 14. b3 Na5 15. b4 Nc6 16. Be3 Be6 17. g4 Nh7 18. Nf3 Bxg4 19. b5 Ne7 20. Nh2 Bxe2 21. Qxe2 Ng6 22. Qg4 Qxh4 23. Qd7 Qe7 24. Qg4 Nf6 25. Qe2 Nf4 26. Qf3 Nxd3 27. Rf1 Nf4 28. Kh1 Qe6 29. Rg1 Qh3 30. Rg3 Qh5 0-1

[Event "Winnipeg TNT 2025.06"]
[Site "Winnipeg CAN"]
[Date "2025.06.03"]
[Round "1.12"]
[White "Rutter, Blair"]
[Black "Harvey, Chris"]
[Result "1-0"]
[WhiteElo "1911"]
[BlackElo "1529"]
[WhiteFideId "-1"]
[WhiteFideId "-1"]
[PlyCount "97"]
[GameId "2197395077886040"]
[EventDate "2025.06.03"]
[EventType "swiss"]
[EventRounds "4"]
[EventCountry "CAN"]

1. c4 e5 2. g3 Nf6 3. Bg2 c6 4. e4 d6 5. Nc3 Be6 6. d3 Be7 7. Nge2 O-O 8. O-O Nbd7 9. h3 Nb6 10. Be3 Qc7 11. Rc1 Rad8 12. Kh2 Kh8 13. a4 a5 14. b3 Ng8 15. d4 f5 16. d5 f4 17. gxf4 exf4 18. Nxf4 Bd7 19. Nce2 Bf6 20. Nh5 Be5+ 21. f4 Bf6 22. Qd2 Nc8 23. f5 c5 24. Nhf4 Be5 25. Kh1 Nce7 26. Qe1 Nh6 27. Bd2 b6 28. Nd3 Nf7 29. Nef4 Ng5 30. h4 Nf7 31. Qe2 Bf6 32. Qh5 Qc8 33. Bh3 Nh6 34. Rg1 Bd4 35. Rg2 Bxf5 36. exf5 Nhxf5 37. Ne6 g6 38. Qg4 Rf7 39. Nxd8 Qxd8 40. Nf4 Ng8 41. Ne6 Qf6 42. Bg5 Qe5 43. Qf4 Qxf4 44. Bxf4 Nxh4 45. Re2 Nf5 46. Bxf5 Rxf5 47. Bxd6 Nf6 48. Nxd4 cxd4 49. Be5 1-0

[Event "Winnipeg TNT 2025.06"]
[Site "Winnipeg CAN"]
[Date "2025.06.03"]
[Round "1.13"]
[White "Reimer, Bruce"]
[Black "Atem, James"]
[Result "0-1"]
[WhiteElo "1501"]
[BlackElo "1529"]
[WhiteFideId "-1"]
[WhiteFideId "-1"]
[PlyCount "58"]
[GameId "2197395077894233"]
[EventDate "2025.06.03"]
[EventType "swiss"]
[EventRounds "4"]
[EventCountry "CAN"]

1. d4 g6 2. Nf3 d5 3. e3 Bg7 4. Bd3 Nf6 5. Nbd2 Nbd7 6. b3 c5 7. Bb2 O-O 8. O-O a6 9. Ne5 b5 10. c4 bxc4 11. bxc4 Nxe5 12. dxe5 Ng4 13. Nf3 dxc4 14. Bxc4 Qc7 15. Qc2 Nxe5 16. Nxe5 Bxe5 17. Bxe5 Qxe5 18. Rad1 Bf5 19. Bd3 Bxd3 20. Qxd3 Rfd8 21. Qxd8+ Rxd8 22. Rxd8+ Kg7 23. Rfd1 c4 24. Rc8 Qc3 25. g3 Qc2 26. Rd4 c3 27. Rdc4 Qxa2 28. Rxc3 a5 29. Ra8 Qa1+ 0-1

[Event "Winnipeg TNT 2025.06"]
[Site "Winnipeg CAN"]
[Date "2025.06.03"]
[Round "1.14"]
[White "Hui, Zelus"]
[Black "Cobb, Kyle"]
[Result "1-0"]
[WhiteElo "1815"]
[BlackElo "1430"]
[WhiteFideId "-1"]
[WhiteFideId "-1"]
[PlyCount "61"]
[GameId "2197395077902426"]
[EventDate "2025.06.03"]
[EventType "swiss"]
[EventRounds "4"]
[EventCountry "CAN"]

1. c4 Nf6 2. g3 e6 3. Bg2 Be7 4. Nc3 d5 5. e3 O-O 6. Nge2 c5 7. cxd5 exd5 8. d4 Nc6 9. O-O Qb6 10. Nxd5 Nxd5 11. Bxd5 Bg4 12. Qd2 cxd4 13. Nxd4 Nxd4 14. Qxd4 Bh3 15. Qxb6 axb6 16. Bxb7 Rab8 17. Bg2 Be6 18. b3 Bf6 19. Rb1 Rbc8 20. Ba3 Rfd8 21. Bb2 Rd2 22. Bxf6 gxf6 23. a4 Rc3 24. b4 Ba2 25. Rbd1 Rb2 26. Rd4 Rcc2 27. a5 Bc4 28. Ra1 Rxf2 29. Be4 Be6 30. a6 Bg4 31. a7 1-0

[Event "Winnipeg TNT 2025.06"]
[Site "Winnipeg CAN"]
[Date "2025.06.10"]
[Round "2.1"]
[White "Babb, Jeff"]
[Black "Rutter, Blair"]
[Result "0-1"]
[WhiteElo "2039"]
[BlackElo "1911"]
[WhiteFideId "-1"]
[WhiteFideId "-1"]
[PlyCount "98"]
[GameId "2197395077910619"]
[EventDate "2025.06.03"]
[EventType "swiss"]
[EventRounds "4"]
[EventCountry "CAN"]

1. f4 d5 2. e3 Nf6 3. Nf3 h6 4. b3 Bf5 5. Bb2 e6 6. Ne5 Bd6 7. Be2 O-O 8. g4 Bxe5 9. Bxe5 Nxg4 10. h4 Nxe5 11. fxe5 c5 12. d4 Nc6 13. Bd3 Be4 14. Bxe4 dxe4 15. c3 f5 16. Nd2 cxd4 17. exd4 Nxd4 18. Nxe4 Nc6 19. Qxd8 Raxd8 20. Nd6 Nxe5 21. O-O-O Rd7 22. Rhe1 Rfd8 23. Nxb7 Rxd1+ 24. Rxd1 Rxd1+ 25. Kxd1 Ng6 26. c4 Kf7 27. Nd6+ Ke7 28. Nc8+ Kd7 29. Nxa7 Ne5 30. h5 Nd3 31. Kd2 Nf4 32. b4 Nxh5 33. c5 Nf6 34. Nb5 e5 35. Nd6 g6 36. a4 Kc6 37. Nc4 Nd7 38. Na5+ Kc7 39. Nc4 h5 40. a5 Kb7 41. Nd6+ Kc7 42. Kd3 h4 43. Ke3 e4 44. Nc4 h3 45. Kf2 f4 46. a6 e3+ 47. Kf3 e2 48. Kxe2 h2 49. a7 h1=Q 0-1

[Event "Winnipeg TNT 2025.06"]
[Site "Winnipeg CAN"]
[Date "2025.06.10"]
[Round "2.2"]
[White "Kowal, Ken"]
[Black "Nagelberg, Alan"]
[Result "1/2-1/2"]
[WhiteElo "1923"]
[BlackElo "2028"]
[WhiteFideId "-1"]
[WhiteFideId "-1"]
[PlyCount "93"]
[GameId "2197395077910620"]
[EventDate "2025.06.03"]
[EventType "swiss"]
[EventRounds "4"]
[EventCountry "CAN"]

1. d4 d5 2. Nf3 c5 3. e3 Nc6 4. b3 g6 5. Bb2 Bg7 6. Nbd2 Bg4 7. Be2 Nf6 8. O-O cxd4 9. Nxd4 Bxe2 10. Qxe2 O-O 11. c4 Qa5 12. N2f3 dxc4 13. Nxc6 bxc6 14. Qxc4 Qb5 15. Rac1 Rac8 16. Nd4 Qh5 17. Qc5 Qxc5 18. Rxc5 Ne4 19. Rc2 c5 20. Rfc1 Rce8 21. Nc6 Bh6 22. Nxa7 Ra8 23. Nc6 f6 24. Nxe7+ Kf7 25. Nd5 Rxa2 26. f3 Nd6 27. Ra1 Rfa8 28. Rxa2 Rxa2 29. Kf2 Nb5 30. Re2 Ke6 31. Nb6 f5 32. Nc4 Nc7 33. Bc3 Ra6 34. e4 fxe4 35. Rxe4+ Kd5 36. Re7 Ra2+ 37. Kg3 Ne6 38. Be5 Nf8 39. Bc3 Rc2 40. Bg7 Bxg7 41. Rxg7 Re2 42. Rf7 Re8 43. Ra7 Rb8 44. Nd2 Kd4 45. Kf2 Kc3 46. Ne4+ Kxb3 47. Nxc5+ 1/2-1/2

[Event "Winnipeg TNT 2025.06"]
[Site "Winnipeg CAN"]
[Date "2025.06.10"]
[Round "2.3"]
[White "Stordeur, Jackson"]
[Black "Hui, Zelus"]
[Result "1-0"]
[WhiteElo "2020"]
[BlackElo "1815"]
[WhiteFideId "-1"]
[WhiteFideId "-1"]
[PlyCount "89"]
[GameId "2197395077910621"]
[EventDate "2025.06.03"]
[EventType "swiss"]
[EventRounds "4"]
[EventCountry "CAN"]

1. e4 e6 2. d4 d5 3. Nc3 dxe4 4. Nxe4 Bd7 5. Nf3 Bc6 6. Bd3 Nd7 7. Qe2 Ndf6 8. Nxf6+ Nxf6 9. Bg5 Be7 10. O-O-O O-O 11. Ne5 Nd5 12. Bxe7 Nxe7 13. Qh5 Ng6 14. Nxc6 bxc6 15. g3 Qxd4 16. Qxh7+ Kxh7 17. Bxg6+ fxg6 18. Rxd4 Rxf2 19. Re1 Re8 20. h4 e5 21. Rd7 Rg2 22. Rxc7 Rxg3 23. Rxa7 Rh3 24. Ra4 Kh6 25. Rc4 Re6 26. a4 Kh5 27. Ree4 c5 28. a5 Rh2 29. b3 g5 30. hxg5 Kxg5 31. Rg4+ Kf6 32. Rxc5 g5 33. Rcc4 Kf5 34. Rg1 Rf2 35. Rc8 Rf4 36. Rf8+ Ke4 37. Rb8 g4 38. Rg3 Rg6 39. Rb6 Rg7 40. a6 Rf3 41. Rb7 Rg8 42. a7 Rff8 43. Rxg4+ Rxg4 44. Rb8 Rgg8 45. a8=Q+ 1-0

[Event "Winnipeg TNT 2025.06"]
[Site "Winnipeg CAN"]
[Date "2025.06.10"]
[Round "2.4"]
[White "Zhou, Joe"]
[Black "Currie, James"]
[Result "0-1"]
[WhiteElo "1912"]
[BlackElo "1959"]
[WhiteFideId "-1"]
[WhiteFideId "-1"]
[PlyCount "82"]
[GameId "2197395077910622"]
[EventDate "2025.06.03"]
[EventType "swiss"]
[EventRounds "4"]
[EventCountry "CAN"]

1. Nf3 g6 2. e4 Bg7 3. Bc4 c5 4. O-O Nc6 5. c3 Qc7 6. Bb3 Na5 7. d4 b6 8. Be3 Ba6 9. Re1 Nf6 10. Bc2 Rc8 11. Bd3 Bxd3 12. Qxd3 cxd4 13. Bxd4 Nc6 14. Nbd2 O-O 15. Nb3 d6 16. Rac1 Qd7 17. Bxf6 Bxf6 18. e5 Bg7 19. exd6 Rfd8 20. Rcd1 e5 21. h3 h6 22. Qd5 Kh7 23. Rd2 f6 24. Red1 a5 25. Qb5 Qa7 26. a4 Rd7 27. Rd5 Qb7 28. Na1 Bf8 29. Nc2 Rcd8 30. Ne3 Bxd6 31. Nc4 Bc5 32. Rxd7+ Rxd7 33. Rxd7+ Qxd7 34. Nxb6 Qd1+ 35. Kh2 Bd6 36. Nc4 e4+ 37. g3 Qf1 38. Nxd6 Qxf2+ 39. Kh1 Qxf3+ 40. Kh2 Qf2+ 41. Kh1 Qe1+ 0-1

[Event "Winnipeg TNT 2025.06"]
[Site "Winnipeg CAN"]
[Date "2025.06.10"]
[Round "2.5"]
[White "Atem, James"]
[Black "Bonness, Will"]
[Result "0-1"]
[WhiteElo "1834"]
[BlackElo "1927"]
[WhiteFideId "-1"]
[WhiteFideId "-1"]
[PlyCount "140"]
[GameId "2197395077910623"]
[EventDate "2025.06.03"]
[EventType "swiss"]
[EventRounds "4"]
[EventCountry "CAN"]

1. e4 d5 2. exd5 Qxd5 3. d4 e5 4. Nf3 Nc6 5. c4 Qe4+ 6. Be3 exd4 7. Nxd4 Bb4+ 8. Nc3 Bxc3+ 9. bxc3 Nge7 10. Qd3 Qxd3 11. Bxd3 Bd7 12. O-O Ne5 13. Be2 c6 14. Nb3 b6 15. Bd4 f6 16. f4 Nf7 17. Rad1 c5 18. Bf3 O-O-O 19. Bf2 Bc6 20. Bg4+ f5 21. Be2 Be4 22. Bh4 Rhe8 23. Rd2 Rxd2 24. Nxd2 Bc6 25. Bf3 Bxf3 26. Nxf3 Nc6 27. Re1 Rxe1+ 28. Bxe1 Nd6 29. Ng5 h6 30. Ne6 g6 31. Nf8 g5 32. fxg5 hxg5 33. Ne6 Ne4 34. Ng7 f4 35. Nf5 Kd7 36. g3 Ke6 37. Ng7+ Kf7 38. Nf5 Kg6 39. g4 Ne5 40. h3 Nxc4 41. Ne7+ Kf7 42. Nf5 Ne5 43. Kf1 Nd3 44. Ke2 Nxe1 45. Kxe1 Nxc3 46. Nd6+ Ke6 47. Nc8 Nxa2 48. Nxa7 Nc3 49. Kd2 Ne4+ 50. Ke1 f3 51. Nb5 Ke5 52. Kf1 Kf4 53. Nc7 Kg3 54. Nd5 b5 55. Ne3 Kxh3 56. Kg1 Kg3 57. Kf1 Kf4 58. Nd5+ Kxg4 59. Kg1 b4 60. Kf1 b3 61. Ne3+ Kg3 62. Nc4 Kf4 63. Ke1 g4 64. Nb2 Ke3 65. Nc4+ Kd4 66. Nb2 c4 67. Kd1 g3 68. Ke1 c3 69. Nd1 b2 70. Nxb2 cxb2 0-1

[Event "Winnipeg TNT 2025.06"]
[Site "Winnipeg CAN"]
[Date "2025.06.10"]
[Round "2.6"]
[White "Bilugan, Mason"]
[Black "Adeyemi, Adebowale"]
[Result "1-0"]
[WhiteElo "1964"]
[BlackElo "1708"]
[WhiteFideId "-1"]
[WhiteFideId "-1"]
[PlyCount "119"]
[GameId "2197395077910624"]
[EventDate "2025.06.03"]
[EventType "swiss"]
[EventRounds "4"]
[EventCountry "CAN"]

1. Nf3 e6 2. c4 c5 3. Nc3 Nf6 4. g3 b6 5. Bg2 Bb7 6. O-O Be7 7. b3 O-O 8. Bb2 d5 9. cxd5 Nxd5 10. d4 Nd7 11. Nxd5 Bxd5 12. Qd3 cxd4 13. Nxd4 Nc5 14. Qe3 Bxg2 15. Kxg2 Bg5 16. f4 Qd5+ 17. Nf3 Bh6 18. Rfd1 Qb7 19. Rd6 Rfe8 20. Qd4 Rac8 21. g4 e5 22. fxe5 Ne6 23. Qd1 Qe4 24. Kh1 Rc2 25. Bc1 Bxc1 26. Rxc1 Rxc1 27. Qxc1 Qxe2 28. Qc6 Rf8 29. Rd2 Qf1+ 30. Ng1 Nf4 31. Qf3 Qxf3+ 32. Nxf3 Rc8 33. Kg1 h6 34. Kf2 g5 35. Ke3 Kg7 36. Ke4 Rc5 37. Nd4 a5 38. Nf5+ Kg6 39. Rd6+ Ne6 40. Rxb6 Rc2 41. Nd4 Rxh2 42. Nxe6 fxe6 43. Rxe6+ Kg7 44. a4 Rf2 45. Kd5 Rf4 46. Ra6 Rxg4 47. Ra7+ Kg6 48. e6 Rg3 49. Kd6 Rxb3 50. Rxa5 g4 51. Re5 h5 52. e7 Rb8 53. e8=Q+ Rxe8 54. Rxe8 Kf5 55. a5 g3 56. a6 h4 57. Rg8 Kf4 58. a7 h3 59. a8=Q h2 60. Qg2 1-0

[Event "Winnipeg TNT 2025.06"]
[Site "Winnipeg CAN"]
[Date "2025.06.10"]
[Round "2.7"]
[White "Ubaka, Michael"]
[Black "Gres, Yakiv"]
[Result "0-1"]
[WhiteElo "1826"]
[BlackElo "1965"]
[WhiteFideId "-1"]
[WhiteFideId "-1"]
[PlyCount "58"]
[GameId "2197395077910625"]
[EventDate "2025.06.03"]
[EventType "swiss"]
[EventRounds "4"]
[EventCountry "CAN"]

1. e4 e5 2. Nf3 Nc6 3. Nc3 Nf6 4. g3 d5 5. exd5 Nxd5 6. Bg2 Be6 7. O-O Nb6 8. d3 f6 9. Nh4 g5 10. Nf3 Qd7 11. Be3 O-O-O 12. Ne4 Be7 13. a4 h5 14. Qd2 h4 15. Bc5 f5 16. Bxe7 fxe4 17. Bxd8 exf3 18. Bxf3 Nd4 19. Bh1 Qxd8 20. a5 Nd5 21. Ra3 Bg4 22. f3 hxg3 23. fxg4 Rxh2 24. Bg2 Nf4 25. Rxf4 gxf4 26. Qb4 f3 27. Rb3 Rxg2+ 28. Kf1 Rf2+ 29. Ke1 Nxc2+ 0-1

[Event "Winnipeg TNT 2025.06"]
[Site "Winnipeg CAN"]
[Date "2025.06.10"]
[Round "2.8"]
[White "Zhang, Ian"]
[Black "Wang, Lucas"]
[Result "0-1"]
[WhiteElo "1753"]
[BlackElo "1748"]
[WhiteFideId "-1"]
[WhiteFideId "-1"]
[PlyCount "54"]
[GameId "2197395077910626"]
[EventDate "2025.06.03"]
[EventType "swiss"]
[EventRounds "4"]
[EventCountry "CAN"]

1. e4 c5 2. Nc3 d6 3. f4 Nc6 4. Nf3 e5 5. fxe5 dxe5 6. Bb5 Bd6 7. d3 Nge7 8. O-O O-O 9. a4 Nd4 10. Nxd4 cxd4 11. Ne2 Qb6 12. Qe1 Be6 13. Kh1 Rac8 14. Bd2 a6 15. Ba5 Qa7 16. Bc4 Bxc4 17. dxc4 Rxc4 18. Rc1 Rfc8 19. Qf2 f6 20. Qg3 Kh8 21. Qb3 Qc5 22. Bd2 Rxc2 23. Qxb7 d3 24. Rxc2 dxe2 25. Rfc1 Qxc2 26. Rxc2 Rxc2 27. Kg1 Bc5+ 0-1

[Event "Winnipeg TNT 2025.06"]
[Site "Winnipeg CAN"]
[Date "2025.06.10"]
[Round "2.9"]
[White "Vaughan, Nathan"]
[Black "Gannon, Keith"]
[Result "1-0"]
[WhiteElo "1950"]
[BlackElo "1582"]
[WhiteFideId "-1"]
[WhiteFideId "-1"]
[PlyCount "53"]
[GameId "2197395077910627"]
[EventDate "2025.06.03"]
[EventType "swiss"]
[EventRounds "4"]
[EventCountry "CAN"]

1. e4 e5 2. Nf3 Nc6 3. Bb5 d6 4. d4 exd4 5. Nxd4 Bd7 6. Nc3 Nxd4 7. Bxd7+ Qxd7 8. Qxd4 Nf6 9. Bf4 Be7 10. O-O-O a6 11. e5 dxe5 12. Qxe5 Qe6 13. Qxc7 O-O 14. Rhe1 Qxe1 15. Rxe1 Bb4 16. Re3 Bxc3 17. Rxc3 Nd5 18. Qe5 Nxc3 19. Qxc3 f6 20. h4 b5 21. h5 Rac8 22. Qb3+ Rf7 23. h6 Rc4 24. Qg3 Re7 25. Bd6 Re1+ 26. Kd2 Rce4 27. Qxg7# 1-0